000 00455nam a22001577a 4500
999 _c11103
_d11103
003 OSt
008 220228b ||||| |||| 00| 0 eng d
082 _a610.28 RAP
100 _aRANE,Bhushan R & other
245 _aPractical book of pharmaceutical Engineering
250 _a4th
260 _aNew Delhi
_bNirali
_c2020
300 _apg64
650 _aPharmaceutics- Drug Delivery Systems,Pharmaceutical Engineering regularity Science
942 _2ddc
_cBK